000 00292nam a22001337a 4500
003 SGT
082 _a340.0954,RAM
100 _aJOIS,RAMA M
245 _aANCIENT INDIAN LAW
260 _aNEW DELHI
_bUNIVERSAL BOOKS
_c2012
300 _a140
650 _aANCIENT INDIAN LAW
942 _2ddc
_cBK
_01
999 _c9704
_d9704